000 00547nam a2200193Ia 4500
005 20250508164609.0
008 008 250505s9999 xx 000 0 eng d
037 _aTextual
040 _aFEDL
_beng
_cFEDL
041 _aeng
_2eng
084 _a375, WIL
_qFEDL
100 _aWillig C J
_9778564
245 0 _aChildren's concepts and the primary curriculum
260 _aLondon, UK
_bPaul Chapman Publishing Limited
_c1990
300 _aix,203p.
546 _aMACESE book
942 _cTEXL
_h375, WIL
999 _c1390052
_d1390052